LEADER 02943nam 22006855 450 001 996465756503316 005 20220617075234.0 010 $a3-642-32808-3 024 7 $a10.1007/978-3-642-32808-4 035 $a(CKB)3400000000085756 035 $a(SSID)ssj0000745996 035 $a(PQKBManifestationID)11499897 035 $a(PQKBTitleCode)TC0000745996 035 $a(PQKBWorkID)10859926 035 $a(PQKB)11247600 035 $a(DE-He213)978-3-642-32808-4 035 $a(MiAaPQ)EBC3070510 035 $a(PPN)168322781 035 $a(EXLCZ)993400000000085756 100 $a20120804d2012 u| 0 101 0 $aeng 135 $aurnn#008mamaa 181 $ctxt 182 $cc 183 $acr 200 10$aInformation and Communication Technologies$b[electronic resource] $e18th EUNICE/IFIP WG 6.2, 6.6 International Conference, EUNICE 2012, Budapest, Hungary, August 29-31, 2012, Proceedings /$fedited by Robert Szabo, Attila Vidacs 205 $a1st ed. 2012. 210 1$aBerlin, Heidelberg :$cSpringer Berlin Heidelberg :$cImprint: Springer,$d2012. 215 $a1 online resource (X, 450 p. 164 illus.) 225 1 $aInformation Systems and Applications, incl. Internet/Web, and HCI ;$v7479 300 $aBibliographic Level Mode of Issuance: Monograph 311 $a3-642-32807-5 320 $aIncludes bibliographical references and index. 330 $aThis book constitutes the refereed proceedings of the 18th EUNICE 2011 conference on information and communication technologies, held in Budapest, in August 2012. The 23 oral papers demonstrated together with 15 poster presentations were carefully reviewed and selected from 48 submissions. The papers are organized in topical sections on radio communications, security, management, protocols and performance, algorithms, models, and simulations. 410 0$aInformation Systems and Applications, incl. Internet/Web, and HCI ;$v7479 606 $aComputer communication systems 606 $aInformation storage and retrieval 606 $aAlgorithms 606 $aComputer security 606 $aApplication software 606 $aManagement information systems 606 $aComputer science 608 $aConference proceedings.$2fast 615 0$aComputer communication systems. 615 0$aInformation storage and retrieval. 615 0$aAlgorithms. 615 0$aComputer security. 615 0$aApplication software. 615 0$aManagement information systems. 615 0$aComputer science. 676 $a004.6 702 $aSzabo$b Robert$4edt$4http://id.loc.gov/vocabulary/relators/edt 702 $aVidacs$b Attila$4edt$4http://id.loc.gov/vocabulary/relators/edt 712 02$aIFIP WG 6.2. 712 02$aIFIP WG 6.6. 712 12$aEUNICE (Conference) 906 $aBOOK 912 $a996465756503316 996 $aInformation and communication technologies$965924 997 $aUNISA LEADER 01650nam0 22003373i 450 001 SBL0222468 005 20231121125817.0 100 $a20150112e19731816||||0itac50 ba 101 | $ager 102 $abe 181 1$6z01$ai $bxxxe 182 1$6z01$an 200 1 $aEinleitung zu einer Architektonik der Wissenschaften$enebst einer Skiagraphie und allgemeinen Tafel des ... [etc.]$fZunachst zum Gebrauche fur seine encyklopadischen Vorlesungen von Gottlob Benj. Jasche 205 $aImpr. anast 210 $aBruxelles$cCulture et civilisation$d1973 215 $a32 p.$d19 cm 225 | $aAetas kantiana$v119 300 $aRipr. facs. dell'ed.: Dorpat : gedruckt bei J.C. Schunmann, 1816. 410 0$1001SBL0194895$12001 $aAetas kantiana$v119 606 $aKant, Immanuel$xPensiero filosofico$xSaggi$2FIR$3RMLC300283$9I 676 $a193$9Filosofia occidentale moderna. Germania e Austria.$v22 700 1$aJäsche$b, Gottlob Benjamin$3SBLV128610$4070$0220473 801 3$aIT$bIT-01$c20150112 850 $aIT-FR0017 856 $uhttp://books.google.it/books?id=oXhBAAAAcAAJ&printsec=frontcover&hl=it&source=gbs_ge_summary_r&cad=0#v=onepage&q&f=false 899 1$aBiblioteca umanistica Giorgio Aprea$bFR0017 $eS$uhttp://books.google.it/books?id=oXhBAAAAcAAJ&printsec=frontcover&hl=it&source=gbs_ge_summary_r&cad=0#v=onepage&q&f=false 912 $aSBL0222468 950 0$aBiblioteca umanistica Giorgio Aprea$d 52AK 119$e 52BUN0000162885 VMN RS $fA $h20150112$i20150112 977 $a 52 996 $aEinleitung zu einer Architektonik der Wissenschaften$91702221 997 $aUNICAS